Structure and change in the space economy : Festschrift in honor of Martin J. Beckmann

Αποθηκεύτηκε σε:
Λεπτομέρειες βιβλιογραφικής εγγραφής
Άλλοι συγγραφείς: Lakshmanan, T. R. 1932-, Nijkamp, Peter, Beckmann, Martin J.
Μορφή: Βιβλίο
Γλώσσα:English
Δημοσίευση: Berlin : New York : Springer-Verlag, c1993
Θέματα:
Ετικέτες: Προσθήκη ετικέτας
Δεν υπάρχουν, Καταχωρήστε ετικέτα πρώτοι!

MARC

LEADER 00000cam a2200000 i 4500
001 1/29810
008 950731s1993 eng d
020 |a 354056490X ((Springer-Verlag New York Heidelberg Berlin : acid-free pape ) 
035 |l 10023290 
040 |a GR-MY-UA  |b gre  |e aacr 
041 0 |a eng 
082 0 |a 330.1 
245 1 0 |a Structure and change in the space economy :  |b Festschrift in honor of Martin J. Beckmann /  |c T.R. Lakshmanan, Peter Nijkamp (eds.) 
260 |a Berlin :   |a New York :   |b Springer-Verlag,   |c c1993 
300 |a viii, 314 p.;  |b ill.;  |c 25 p. cm 
500 |a Includes bibliographical references 
504 |a Beckmann, Martin J 
650 0 0 |a Space in economics. 
700 1 |a Lakshmanan, T. R.  |d 1932- 
700 1 |a Nijkamp, Peter. 
700 1 |a Beckmann, Martin J. 
852 |a INST  |b CHIOS  |e 19960717  |h 330.1 STR  |p 005200001567  |q 005200001567  |t BK  |y 0 
852 |a INST  |b CHIOS  |e 19950731  |h 330.1 STR  |p 005200003109  |q 005200003109  |t BK  |y 0 
909 |a Χ  |b 032177 
909 |a Χ  |b 041079